| 000 | 01180cam a2200265 i 4500 | ||
|---|---|---|---|
| 003 | SA-RiAUC | ||
| 005 | 20241004154934.0 | ||
| 008 | 241004s1999 su g 000r0 ara c | ||
| 014 | _a08201350320 | ||
| 020 | _a9660660737 | ||
| 040 |
_aSA-TaTUL _bara _cSA-RiAUC _erda |
||
| 043 | _aa-su--- | ||
| 082 | 0 | 4 |
_a953.13 _bإ م ت _qSA-RiAUC |
| 082 | 0 | 4 | _a953.13 |
| 100 | 1 |
_aالإحسائي، محمد بن عبد الله بن عبد المحسن، _d1312-1391 هجري _eمؤلف. |
|
| 245 | 1 | 0 |
_aتحفة المستفيد بتاريخ الإحساء فى القديم والجديد / _cتأليف محمد بن عبد الله الإحسائي. |
| 264 | 1 |
_aالرياض : _bدارة الملك عبد العزيز : _bالأمانة العامة للاحتفال بمرور مائة عام على تأسيس المملكة، _c1999 _m1419. |
|
| 300 |
_a744 صفحة ؛ _c24 سم |
||
| 336 |
_aنص _btxt _2rdacontent _3كتاب |
||
| 337 |
_aبدون وسيط _bn _2rdamedia |
||
| 338 |
_aمجلد _bnc _2rdacarrier |
||
| 651 | 7 |
_aالأحساء (السعودية) _xتاريخ _2aucsh |
|
| 651 | 7 |
_aالسعودية _xتاريخ _2aucsh |
|
| 949 |
_aSA-JeALM _d241004 _ukhaled123 _n1 |
||
| 999 |
_c871 _d871 |
||